Music Quiz

Random Music or Decade Quiz
Score 0/20 Timer 05:00
416 Plays Today
% Correct
...Baby One More Time
79.5%
Buddy Holly
68.8%
Wannabe
67.6%
Baby Got Back
67.2%
Smells Like Teen Spirit
62.6%
Wonderwall
62.4%
I Want It That Way
60.9%
No Diggity
59.5%
Kiss from a Rose
58.1%
Ice Ice Baby
51.4%
% Correct
Losing My Religion
49.3%
Bitter Sweet Symphony
44.9%
My Heart Will Go On
44.3%
Gangsta's Paradise
40.3%
Torn
40.2%
Loser
38.9%
Don't Speak
30.3%
U Can't Touch This
28.7%
Nothing Compares 2 U
25.9%
Always Be My Baby
20.4%
Remove Ads.
Support Sporcle.
Get the best of Sporcle when you Go Orange. This ad-free experience offers more features, more stats, and more fun while also helping to support Sporcle. Thank you for becoming a member.

You're not logged in!

Compare scores with friends on all Sporcle quizzes.
OR
Log In

Show Comments

Extras

Top Quizzes Today


Score Distribution

Your Account Isn't Verified!

In order to create a playlist on Sporcle, you need to verify the email address you used during registration. Go to your Sporcle Settings to finish the process.

Report this User

Report this user for behavior that violates our Community Guidelines.

Details: